000 00321nam a2200133Ia 4500
003 OSt
005 20230727053820.0
008 170524s9999 xx 000 0 und d
040 _cIIMT UNIVERSITY
100 _aPAUL HERSEY
245 0 _aMANAGEMENT OF ORGANIZATION BEHAVIOUR
260 _bCONCEPT PUB. CO.
942 _2ddc
_c02
999 _c8007
_d8007